00482nam a2200181Ia 4500999001700000003000400017005001700021008004100038020001400079040000900093082001800102100002600120245003600146260004900182300000900231650001800240942004200258 c14041d14041OSt20201019125159.0190216s9999||||xx |||||||||||||| ||und|| a000647599 coclc a813.54bLUS/S aLustbader, Eric95918 0aSecond Skin /cErick Lustbader bHarper Collins Publishers,c1995.anew york: a635p aEnglish Novel cBK2ddch813.54iLUS/Sk813.54mLUS/S